Accounting / (Record no. 12328)
[ view plain ]
| 000 -LEADER | |
|---|---|
| fixed length control field | 00377nam a22001337a 4500 |
| 008 - FIXED-LENGTH DATA ELEMENTS--GENERAL INFORMATION | |
| fixed length control field | 160802b xxu||||| |||| 00| 0 eng d |
| 050 ## - LIBRARY OF CONGRESS CALL NUMBER | |
| Classification number | HF 5635.W37 1953 |
| 100 ## - MAIN ENTRY--PERSONAL NAME | |
| Personal name | Warren |
| Dates associated with a name | 1953 |
| 245 ## - TITLE STATEMENT | |
| Title | Accounting / |
| Statement of responsibility, etc. | Warren |
| 250 ## - EDITION STATEMENT | |
| Edition statement | 18th ed. |
| 300 ## - PHYSICAL DESCRIPTION | |
| Extent | 997(78) p. :ill. |
| Other physical details | Includes index. |
| 650 ## - SUBJECT ADDED ENTRY--TOPICAL TERM | |
| Topical term or geographic name as entry element | Accounting. |
| 942 ## - ADDED ENTRY ELEMENTS (KOHA) | |
| Source of classification or shelving scheme | |
| Koha item type | Hard Covered Materials |
| Classification part | HF 5635.W37 1953 |
| Koha issues (borrowed), all copies | 2 |
| Withdrawn status | Lost status | Source of classification or shelving scheme | Damaged status | Not for loan | Home library | Current library | Shelving location | Date acquired | Source of acquisition | Total Checkouts | Full call number | Barcode | Date last seen | Date last checked out | Price effective from | Koha item type |
|---|---|---|---|---|---|---|---|---|---|---|---|---|---|---|---|---|
| MACHAKOS UNIVERSITY LIBRARY | MACHAKOS UNIVERSITY LIBRARY | Open shelf | 02/08/2016 | Donation | 2 | HF 5635.W37 1953 | 24427 | 04/06/2019 | 17/04/2019 | 02/08/2016 | Hard Covered Materials |